ARRUPE JESUIT UNIVERSITY

CORONAVIRUS -STOP THE SPREAD - CLEAN,DISINFECT,COVER

Chaucer (Record no. 127816)

MARC details
000 -LEADER
fixed length control field 03702cas a2200769 4500
001 - CONTROL NUMBER
control field 11239329
003 - CONTROL NUMBER IDENTIFIER
control field ARRUPE
005 - DATE AND TIME OF LATEST TRANSACTION
control field 20180327102107.0
008 - FIXED-LENGTH DATA ELEMENTS--GENERAL INFORMATION
fixed length control field 750523c19749999njuqr p 0 a0eng
010 ## - LIBRARY OF CONGRESS CONTROL NUMBER
LC control number 80644031
Canceled/invalid LC control number cn 75031416
015 ## - NATIONAL BIBLIOGRAPHY NUMBER
National bibliography number 750314168
Source can
015 ## - NATIONAL BIBLIOGRAPHY NUMBER
National bibliography number 750314168 rev
Source can
016 7# - NATIONAL BIBLIOGRAPHIC AGENCY CONTROL NUMBER
Record control number 100967093
Source DNLM
016 ## - NATIONAL BIBLIOGRAPHIC AGENCY CONTROL NUMBER
Record control number (AMICUS)000000103447
022 0# - INTERNATIONAL STANDARD SERIAL NUMBER
International Standard Serial Number 0317-0500
Source 1
035 ## - SYSTEM CONTROL NUMBER
System control number (OCoLC)ocm02247651
037 ## - SOURCE OF ACQUISITION
Source of stock number/acquisition The Editor, Seton Hall University, 400 South Orange Ave., South Orange, N.J. 07079
040 ## - CATALOGING SOURCE
Original cataloging agency NLC
Language of cataloging eng
Transcribing agency NLC
042 ## - AUTHENTICATION CODE
Authentication code pcc
-- nsdp
-- isds/c
-- nlc
050 00 - LIBRARY OF CONGRESS CALL NUMBER
Classification number PR1905
Item number .C4
055 02 - CLASSIFICATION NUMBERS ASSIGNED IN CANADA
Classification number PR4453*
082 04 - DEWEY DECIMAL CLASSIFICATION NUMBER
Classification number 828/.912/09
300 ## - PHYSICAL DESCRIPTION
Dimensions 20cm.
100 ## - MAIN ENTRY--PERSONAL NAME
Personal name Chesterton, G.K.
9 (RLIN) 41108
245 04 - TITLE STATEMENT
Title Chaucer
Statement of responsibility, etc G.K. Chesterton
260 3# - PUBLICATION, DISTRIBUTION, ETC. (IMPRINT)
Place of publication, distribution, etc London :
Name of publisher, distributor, etc Faber and Faber
Date of publication, distribution, etc 1962
300 ## - PHYSICAL DESCRIPTION
Extent 302p. ;
500 ## - GENERAL NOTE
General note Published originally in 1932
590 ## - LOCAL NOTE (RLIN)
Local note SERBIB/SERLOC merged record
600 ## - SUBJECT ADDED ENTRY--PERSONAL NAME
Personal name Chaucer, Geoffrey
9 (RLIN) 36928
655 #7 - INDEX TERM--GENRE/FORM
Genre/form data or focus term Periodicals.
Source of term fast
9 (RLIN) 33722
886 2# - FOREIGN MARC INFORMATION FIELD
2 canmarc
a 990
b 10
a 91001a
b 71001a
906 ## - LOCAL DATA ELEMENT F, LDF (RLIN)
a 7
b cbc
c serials
d 4
e ncip
f 19
g n-oclcserc
942 ## - ADDED ENTRY ELEMENTS (KOHA)
Source of classification or shelving scheme Library of Congress Classification
Koha item type Monograph ( Printed materials)
Holdings
Withdrawn status Lost status Source of classification or shelving scheme Damaged status Not for loan Collection code Home library Current library Shelving location Date acquired Total Checkouts Full call number Barcode Date last seen Price effective from Koha item type
    Library of Congress Classification     Main Collection ARRUPE LIBRARY ARRUPE LIBRARY Main Collection 27/03/2018   PR1905 .C4 46600001945 27/03/2018 27/03/2018 Monograph ( Printed materials)

 

Arrupe Library. PO Box MP320 Mt Pleasant, Harare, Zimbabwe
263 242 745411|librarian@aju.ac.zw